| 000 | 01908nam a2200541 i 4500 | ||
|---|---|---|---|
| 001 | 42772 | ||
| 003 | KOSZ 005 | ||
| 005 | 20230103133201.0 | ||
| 008 | 020201s2000 pl |000 0 pol | ||
| 015 | _aUWD 2001/15526 | ||
| 020 | _a8388010220 | ||
| 035 | _a991015620159705066 | ||
| 035 | _a(PL-WaBN)b14198290-48omnis_nlop | ||
| 035 | _ab14198290 | ||
| 035 | _a(OCoLC)830217136 | ||
| 035 | _azz2006876934 | ||
| 035 | _a(PL)b0000001419829 | ||
| 035 | _a(EXLNZ-48OMNIS_NETWORK)9910106381505606 | ||
| 040 |
_aWA N _cWA N _dKOSZ 005/HR |
||
| 041 | 0 | _apol | |
| 046 | _k2000 | ||
| 080 | _a346.7(4-67) | ||
| 080 | _a663.9 | ||
| 100 | 1 |
_aNitecka, Elżbieta _eAutor |
|
| 245 | 1 | 0 |
_aWymagania jakościowe Unii Europejskiej dotyczące wyrobów kakaowych i czekoladowych / _cElżbieta Nitecka ; Fundacja Programów Pomocy dla Rolnictwa (FAPA). |
| 260 |
_aWarszawa : _bFPPR, _c2000. |
||
| 300 |
_a31 s. ; _c21 cm. |
||
| 336 |
_aTekst _btxt _2rdacontent |
||
| 337 |
_aBez urządzenia pośredniczącego _bn _2rdamedia |
||
| 338 |
_aWolumin _bnc _2rdacarrier |
||
| 380 | _aKsiążki | ||
| 388 | _a2001- | ||
| 490 | 1 | _aPrawo Żywnościowe Unii Europejskiej | |
| 500 | _aPubl. powstała w ramach projektu Phare PL 9607-01-15/22/773. | ||
| 650 | 7 |
_aCzekolada _2DBN |
|
| 650 | 7 |
_aJakość żywności _2DBN |
|
| 650 | 7 |
_aKakao _2DBN |
|
| 650 | 7 | _aPrawo Unii Europejskiej | |
| 650 | 7 | _aPrawo żywnościowe | |
| 650 | 7 | _aTechnologia żywności | |
| 658 | _aPrawo i wymiar sprawiedliwości | ||
| 658 | _aRolnictwo i leśnictwo | ||
| 710 | 2 | _aFundacja Programów Pomocy dla Rolnictwa FAPA | |
| 830 | 0 | _aPrawo Żywnościowe Unii Europejskiej | |
| 856 |
_uhttp://koha.tu.koszalin.pl/cgi-bin/koha/opac-detail.pl?biblionumber=42772 _yKatalog online BPK |
||
| 942 |
_2UKD _cKS |
||
| 999 |
_c42772 _d42772 |
||